Justicia! Drama en tres actos i en prosa, original de Carlos A. Rodríguez

Uloženo v:
Podrobná bibliografie
Hlavní autor: Rodríguez, Carlos A. (Autor)
Médium: Kniha
Jazyk:španělština
Vydáno: Valparaíso Imprenta del Progreso, Antigua Sección de obras i encuadernación del Mercurio 1884
Vydání:1a. ed
Témata:
Tagy: Přidat tag
Žádné tagy, Buďte první, kdo vytvoří štítek k tomuto záznamu!

MARC

LEADER 00000nam a2200000 a 4500
001 UCJ4864
003 CL-VaPUC
008 070124e18840000CL |||||||||||||||||spa|d
082 0 4 |a Ch862  |b ROD  |2 21 
100 0 |a Rodríguez, Carlos A.  |e author  |9 509326 
245 1 0 |a Justicia! Drama en tres actos i en prosa, original de Carlos A. Rodríguez 
250 |a 1a. ed 
300 |a 70 p 
942 |c BK 
945 |d 20070124 00:00:00  |a rinostro 
260 |a Valparaíso  |b Imprenta del Progreso, Antigua Sección de obras i encuadernación del Mercurio  |c 1884 
500 |a Esta obra se encuentra empastada junto a otras monografías en un volumen rotulado en el lomo Miscelánea Literaria y se ubica en CH 860 MIS 
650 0 |a Teatro chileno  |9 266701 
583 |a last modification  |c 20070124 00:00:00  |k Rodrigo Vera 
999 |c 320979  |d 320977 
952 |0 0  |1 0  |4 0  |6 CH_862_000000000000000_ROD_1884  |7 0  |8 X  |9 399627  |a FDOBUD  |b FDOBUD  |d 2019-11-22  |i 102714K  |o Ch862 ROD 1884  |p 102714K  |r 2019-11-22  |w 2019-11-22  |y BK_X  |k BUD